| 000 | 01069cam a2200289 a 4500 | ||
|---|---|---|---|
| 999 |
_c339 _d339 |
||
| 001 | 14298908 | ||
| 003 | OSt | ||
| 005 | 20200205170504.0 | ||
| 008 | 060314m20052006enka b 001 0 eng | ||
| 010 | _a 2006273416 | ||
| 020 | _a9780521135146 | ||
| 040 |
_aDLC _cDLC _dDLC |
||
| 050 | 0 | 0 |
_aRC961.5 _b.C527 2005 |
| 082 | 0 | 0 |
_aWB141 C415d 2006 _222 |
| 100 | 1 |
_aCheesbrough, Monica. _9884 |
|
| 245 | 1 | 0 | _aDistrict Laboratory Practice in Tropical Countries |
| 250 |
_a2nd ed. _bpart 2 |
||
| 260 |
_aCambridge; _c2006. |
||
| 300 |
_av, 434 p. : _bill. (some col.) ; _c26 cm. |
||
| 490 | 0 | _aTropical health technology | |
| 650 | 0 |
_aMedical diagnosis _9886 |
|
| 856 | 4 | 2 |
_3Publisher description _uhttp://www.loc.gov/catdir/enhancements/fy0633/2006273416-d.html |
| 856 | 4 | 1 |
_3Table of contents only _uhttp://www.loc.gov/catdir/enhancements/fy0633/2006273416-t.html |
| 906 |
_a7 _bcbc _corigcop _d2 _encip _f20 _gy-gencatlg |
||
| 942 |
_2z _cB_BANK |
||